000 00367pam a2200145 a 4500
020 _c
041 _h
082 _a658.8
100 _aADCOCK (Dennis) / BRADFIELD (Ray) /HALBORG ( AL)
_eauthor
245 _aMarketing Principles and Practice
_hTextual Document
250 _a2nd
260 _bPitman Publication London
_c1995
300 _aXII,420
930 _a6782
999 _c836187
_d836187